Rannana sarala gadayuddha (Record no. 241548)

MARC details
000 -LEADER
fixed length control field 01986nam a22002177a 4500
005 - DATE AND TIME OF LATEST TRANSACTION
control field 20260703123432.0
008 - FIXED-LENGTH DATA ELEMENTS--GENERAL INFORMATION
fixed length control field 260703b |||||||| |||| 00| 0 eng d
020 ## - INTERNATIONAL STANDARD BOOK NUMBER
International Standard Book Number 9788386631817
040 ## - CATALOGING SOURCE
Transcribing agency AL
041 ## - LANGUAGE CODE
Language code of text/sound track or separate title kan
082 ## - DEWEY DECIMAL CLASSIFICATION NUMBER
Classification number K894.109
Item number BASR
100 ## - MAIN ENTRY--PERSONAL NAME
Personal name Basavaraju L
100 ## - MAIN ENTRY--PERSONAL NAME
9 (RLIN) 266209
100 ## - MAIN ENTRY--PERSONAL NAME
9 (RLIN) 266207
Dates associated with a name ಎಲ್ ಬಸವರಾಜು
245 ## - TITLE STATEMENT
Title Rannana sarala gadayuddha
Remainder of title : ರನ್ನನ ಸರಳ ಗದಾಯುದ್ಧ
260 ## - PUBLICATION, DISTRIBUTION, ETC.
Place of publication, distribution, etc. Bengaluru
Name of publisher, distributor, etc. Sapna Book House
Date of publication, distribution, etc. 2025
300 ## - PHYSICAL DESCRIPTION
Extent xxiii,304p
Other physical details PB
Dimensions 21.5x14cm
365 ## - TRADE PRICE
Source of price type code Kannada
Price type code AM-000007
Price amount ₹224.00
Currency code
Unit of pricing ₹280.00
Price note 20%
Price effective from 11-05-2026
520 ## - SUMMARY, ETC.
Summary, etc. ರನ್ನನ ಸರಳ ಗದಾಯುದ್ಧ ವ್ಯಾಖ್ಯಾನ ಸಹಿತ / Rannana Sarala Gadayuddha Vyakhyana Sahita – ಡಾ. ಎಲ್. ಬಸವರಾಜು ಅವರು ಬರೆದಿರುವ “ರನ್ನನ ಸರಳ ಗದಾಯುದ್ಧ: ವ್ಯಾಖ್ಯಾನ ಸಹಿತ” ಎಂಬ ಶೀರ್ಷಿಕೆಯ ಪುಸ್ತಕವು ಲಭ್ಯವಿದೆ. ಈ ಪುಸ್ತಕವು ಮಹಾಕವಿ ರನ್ನನ ಶ್ರೇಷ್ಠ ಕಾವ್ಯವಾದ ‘ಸಾಹಸಭೀಮ ವಿಜಯಂ’ ಅಥವಾ ‘ಗದಾಯುದ್ಧ’ ಕಾವ್ಯದ ಸರಳೀಕೃತ ಗದ್ಯಾನುವಾದ ಮತ್ತು ವ್ಯಾಖ್ಯಾನವಾಗಿದೆ. ಇದು ಹಳಗನ್ನಡ ಕಾವ್ಯವಾದ ರನ್ನನ ‘ಗದಾಯುದ್ಧ’ದ ಸರಳವಾದ ವಿವರಣೆ ಮತ್ತು ಅರ್ಥವಿವರಣೆಯನ್ನು (ವ್ಯಾಖ್ಯಾನ ಸಹಿತ) ಒಳಗೊಂಡಿದೆ. ಹಳಗನ್ನಡದ ಪ್ರಭುತ್ವವಿರುವ ಬಸವರಾಜು ಅವರು ಕಾವ್ಯವನ್ನು ಸಾಮಾನ್ಯ ಓದುಗರಿಗೆ ಸುಲಭವಾಗಿ ಅರ್ಥವಾಗುವಂತೆ ನಿರೂಪಿಸಿದ್ದಾರೆ.
650 ## - SUBJECT ADDED ENTRY--TOPICAL TERM
Topical term or geographic name entry element Kannada Criticism
9 (RLIN) 266208
942 ## - ADDED ENTRY ELEMENTS (KOHA)
Source of classification or shelving scheme Dewey Decimal Classification
Koha item type Book
Holdings
Withdrawn status Lost status Source of classification or shelving scheme Damaged status Not for loan Collection code Home library Current library Shelving location Date acquired Source of acquisition Cost, normal purchase price Total Checkouts Full call number Barcode Date last seen Cost, replacement price Price effective from Koha item type
    Dewey Decimal Classification     Kannada St Aloysius Library St Aloysius Library Stack Section 05/19/2026 Navakarnataka Publications Pvt Ltd Mangaluru-575001 224.00   K894.109 BASR 078145 07/03/2026 280.00 05/11/2026 Book